Hodnotenie stavu povrchových vôd vo vybranej lokalite

Salvato in:
Dettagli Bibliografici
Autore principale: Božik, Matej (Autore)
Altri autori: Michalíková, Anna (Relatore della tesi)
Natura: Manoscritto Libro
Lingua:slovacco
Pubblicazione: 2020
Soggetti:
Accesso online:http://is.stuba.sk/zp/portal_zp.pl?podrobnosti=151338
Tags: Aggiungi Tag
Nessun Tag, puoi essere il primo ad aggiungerne!!

MARC

LEADER 00000ntm a22000003a 4500
001 stuzp80156
003 SK-STU
005 20200704212536.7
007 ta
008 150427s2015----xo-----f-mn---000-0-slo-d
040 |a STU  |b slo 
041 0 |a slo 
100 1 |a Božik, Matej  |u 065000  |k Z4  |4 aut  |U MTF Materiálovotechnologická fakulta  |T MTF Ústav integrovanej bezpečnosti  |X 82810  |U M5000  |Y 85  |7 82810 
242 0 1 |a Evaluation of surface water status in selected locality  |y eng 
245 1 0 |a Hodnotenie stavu povrchových vôd vo vybranej lokalite 
260 |c 2020 
650 4 |a voda  |2 slo 
650 4 |a povrchová voda  |2 slo 
650 4 |a hodnotenie kvality povrchových vôd  |2 slo 
650 4 |a monitorovanie kvality vôd  |2 slo 
650 4 |a znečisťovanie vôd  |2 slo 
650 4 |a kvalitatívne ukazovatele kvality vody  |2 slo 
650 4 |a water  |2 eng 
650 4 |a surface water  |2 eng 
650 4 |a evaluation of surface water quality  |2 eng 
650 4 |a monitoring of water quality  |2 eng 
650 4 |a water pollution  |2 eng 
650 4 |a qualitative indicators of water quality  |2 eng 
700 1 |a Michalíková, Anna  |u 065100  |k Z8  |4 ths  |U MTF Ústav integrovanej bezpečnosti  |T MTF Katedra environmentálneho inžinierstva  |X 2811  |U M5100  |Y 194  |7 A000002811 
856 4 |u http://is.stuba.sk/zp/portal_zp.pl?podrobnosti=151338 
996 |c M* DP-14165  |l MMSKP  |s P  |a 0  |w stuzp80156_0001